[Event "Yerevan Asrian Memorial 8th"]
[Site "Yerevan"]
[Date "2015.06.16"]
[Round "1"]
[White "Khismatullin, Denis Rimovich"]
[Black "Ilyashev, Yerzhan"]
[Result "1-0"]
[WhiteElo "2646"]
[BlackElo "2128"]
[PlyCount "111"]
[EventDate "2015.06.16"]
[EventType "swiss"]
[EventRounds "9"]
[EventCountry "ARM"]
[SourceTitle "CBM 167 Extra"]
[Source "ChessBase"]
[SourceDate "2015.09.14"]
[SourceVersion "1"]
[SourceVersionDate "2015.09.14"]
[SourceQuality "1"]

1. e4 c6 2. Nc3 d5 3. Qe2 dxe4 4. Nxe4 Bf5 5. d3 e6 6. g4 Bxe4 7. dxe4 Nd7 8. Bg2 Bc5 9. Nh3 Qb6 10. f4 Ne7 11. Nf2 Qc7 12. Bd2 Ng6 13. e5 Be7 14. 0-0-0 0-0-0 15. Kb1 Qb6 16. c3 f6 17. exf6 gxf6 18. Nd3 e5 19. f5 Ngf8 20. Be3 Qa6 21. Qf3 Nb6 22. Nc5 Rxd1+ 23. Rxd1 Bxc5 24. Bxc5 Nfd7 25. Be3 Nd5 26. Bf1 Qa4 27. Bc1 Nc5 28. Be2 Rd8 29. h4 b5 30. Rd2 Ne4 31. Rc2 Nc5 32. Qf2 Ne4 33. Qg2 Nc5 34. Bf1 Kc7 35. b3 Qe4 36. Qxe4 Nxe4 37. Kb2 Nf4 38. Be2 Nf2 39. Be3 N2d3+ 40. Kb1 Ne1 41. Rd2 Nd5 42. Bh6 Nxc3+ 43. Kc1 Nxe2+ 44. Rxe2 Nd3+ 45. Kc2 Nb4+ 46. Kb2 Nd5 47. g5 Nf4 48. Re4 fxg5 49. hxg5 Kd6 50. Bg7 Nh3 51. Bxe5+ Kc5 52. b4+ Kb6 53. Rg4 c5 54. g6 Nf2 55. bxc5+ Kc6 56. Rd4 1-0

[Event "Pavlodar op"]
[Site "Pavlodar"]
[Date "2014.12.02"]
[Round "3"]
[White "Ilyashev, Yerzhan"]
[Black "Nukin, Ashat"]
[Result "0-1"]
[WhiteElo "1957"]
[BlackElo "2359"]
[PlyCount "54"]
[EventDate "2014.12.01"]
[EventType "swiss"]
[EventRounds "9"]
[EventCountry "KAZ"]
[SourceTitle "EXT 2016"]
[Source "ChessBase"]
[SourceDate "2015.10.08"]
[SourceVersion "1"]
[SourceVersionDate "2015.10.08"]
[SourceQuality "1"]

1. Nf3 Nf6 2. b3 d5 3. Bb2 Bf5 4. e3 e6 5. Be2 h6 6. 0-0 Bd6 7. d3 0-0 8. Nbd2 Nbd7 9. c4 c6 10. Qc2 e5 11. c5 Bxc5 12. Nxe5 Nxe5 13. Bxe5 Nd7 14. Bb2 Qe7 15. a3 a5 16. Rfe1 Rfe8 17. Bf3 Bg6 18. Qc3 f6 19. e4 d4 20. Qc2 Bf7 21. g3 Bb6 22. Bg2 Ne5 23. h3 Qc5 24. Qxc5 Bxc5 25. Bf1 g5 26. Be2 Rad8 27. Rab1 Bb6 0-1

[Event "Pavlodar op"]
[Site "Pavlodar"]
[Date "2014.12.02"]
[Round "2"]
[White "Khegay, Dmitriy"]
[Black "Ilyashev, Yerzhan"]
[Result "1-0"]
[WhiteElo "2362"]
[BlackElo "1957"]
[PlyCount "54"]
[EventDate "2014.12.01"]
[EventType "swiss"]
[EventRounds "9"]
[EventCountry "KAZ"]
[SourceTitle "EXT 2016"]
[Source "ChessBase"]
[SourceDate "2015.10.08"]
[SourceVersion "1"]
[SourceVersionDate "2015.10.08"]
[SourceQuality "1"]

1. c4 e5 2. Nc3 Nf6 3. g3 d5 4. cxd5 Nxd5 5. Bg2 Nb6 6. Nf3 Nc6 7. 0-0 Be7 8. d3 Be6 9. Be3 f5 10. Rc1 0-0 11. Na4 f4 12. Bd2 Bd5 13. Nc3 Be6 14. a3 Qd7 15. Ne4 Bd6 16. b4 h6 17. Bc3 Rae8 18. b5 Ne7 19. Nxe5 Qxb5 20. Nxd6 cxd6 21. Nf3 fxg3 22. hxg3 Qd7 23. Bd4 Nbc8 24. Qc2 Nc6 25. Ba1 Bg4 26. Rfe1 d5 27. Nd4 N8e7 1-0

[Event "Voronezh op-A 18th"]
[Site "Voronezh"]
[Date "2014.06.15"]
[Round "4"]
[White "Popov, Kirill"]
[Black "Ilyashev, Yerzhan"]
[Result "1-0"]
[WhiteElo "2242"]
[BlackElo "1943"]
[PlyCount "53"]
[EventDate "2014.06.12"]
[EventType "swiss"]
[EventRounds "9"]
[EventCountry "RUS"]
[SourceTitle "CBM 160 Extra"]
[Source "ChessBase"]
[SourceDate "2014.07.01"]
[SourceVersion "1"]
[SourceVersionDate "2014.07.01"]
[SourceQuality "1"]

1. e4 c6 2. d4 d5 3. Nc3 dxe4 4. Nxe4 Bf5 5. Ng3 Bg6 6. h4 h6 7. f4 e6 8. Nf3 Bd6 9. Ne5 Ne7 10. Bc4 Bxe5 11. fxe5 c5 12. h5 Bh7 13. c3 cxd4 14. Qg4 Bf5 15. Nxf5 Nxf5 16. 0-0 Qh4 17. Qxh4 Nxh4 18. cxd4 Nc6 19. d5 Nxe5 20. dxe6 fxe6 21. Bxe6 Ke7 22. Bd5 Rad8 23. Bxb7 Rd7 24. Be4 Rd4 25. Re1 Rhd8 26. Be3 R4d7 27. Bf4 1-0

[Event "Voronezh op-A 18th"]
[Site "Voronezh"]
[Date "2014.06.13"]
[Round "2"]
[White "Nozdrachev, Vladislav"]
[Black "Ilyashev, Yerzhan"]
[Result "1-0"]
[WhiteElo "2498"]
[BlackElo "1943"]
[PlyCount "81"]
[EventDate "2014.06.12"]
[EventType "swiss"]
[EventRounds "9"]
[EventCountry "RUS"]
[SourceTitle "CBM 160 Extra"]
[Source "ChessBase"]
[SourceDate "2014.07.01"]
[SourceVersion "1"]
[SourceVersionDate "2014.07.01"]
[SourceQuality "1"]

1. e4 c6 2. d4 d5 3. Nc3 dxe4 4. Nxe4 Bf5 5. Ng3 Bg6 6. Nh3 Nf6 7. c3 e6 8. Nf4 Nd5 9. h4 Nxf4 10. Bxf4 h6 11. Qb3 Qb6 12. Be2 Nd7 13. h5 Bh7 14. 0-0 Be7 15. Rfe1 0-0 16. Nf1 Qxb3 17. axb3 Nf6 18. Nd2 Bf5 19. Nc4 Rfd8 20. Bc7 Rdc8 21. Be5 Rd8 22. Bf3 Nd5 23. b4 Bd3 24. Na5 Rd7 25. Nb3 b6 26. Nd2 f6 27. Bh2 Kf7 28. Bg4 f5 29. Bd1 Bf6 30. Nf3 Rc8 31. Ne5+ Bxe5 32. Bxe5 c5 33. bxc5 bxc5 34. dxc5 Rxc5 35. Bd4 Rc8 36. Bf3 a6 37. Red1 Bc4 38. Be5 Rcd8 39. Rd4 Rc8 40. Ra3 Nf6 41. Bxf6 1-0